[Event "URU Department-chT"]
[Site "Punta del Este"]
[Date "2018.08.25"]
[Round "3.4"]
[White "Campora, Edgardo"]
[Black "Magaldi, Nelson"]
[Result "0-1"]
[WhiteElo "1719"]
[BlackElo "1928"]
[PlyCount "102"]
[EventDate "2018.08.24"]
[EventType "team-swiss"]
[EventRounds "5"]
[EventCountry "URU"]
[SourceTitle "EXT 2019"]
[Source "ChessBase"]
[SourceDate "2018.10.10"]
[SourceVersion "1"]
[SourceVersionDate "2018.10.10"]
[SourceQuality "1"]
[WhiteTeam "Lavalleja"]
[BlackTeam "Canelones"]
[WhiteTeamCountry "URU"]
[BlackTeamCountry "URU"]

1. e4 e5 2. Nf3 Nc6 3. Bc4 Bc5 4. c3 d6 5. a4 a5 6. Bb3 Nf6 7. d3 0-0 8. Nbd2 Qe7 9. Qe2 Bd7 10. Nf1 Ng4 11. Ne3 Bxe3 12. Bxe3 Nxe3 13. Qxe3 Be6 14. Bxe6 Qxe6 15. 0-0 Rfe8 16. Nd2 b6 17. f4 exf4 18. Qxf4 Ne5 19. Qg3 Qg6 20. Qxg6 Nxg6 21. d4 Re7 22. Rae1 f6 23. g3 Rae8 24. Kf2 Nf8 25. Ke3 Nd7 26. Kd3 d5 27. Re2 c5 28. Rfe1 cxd4 29. cxd4 dxe4+ 30. Rxe4 Rxe4 31. Rxe4 Rd8 32. Kc3 f5 33. Re6 Kf7 34. Rc6 Nf6 35. Kd3 Nd5 36. Kc4 Ne3+ 37. Kb5 Rxd4 38. Nf3 Rb4+ 39. Ka6 Rxa4 40. Rxb6 Ra2 41. Ng5+ Kf8 42. Nxh7+ Ke7 43. Ng5 Nc4 44. Rb5 a4 45. Rxf5 Rxb2 46. Ne4 a3 47. Nc3 Rxh2 48. Rf4 a2 49. Nxa2 Rxa2+ 50. Kb5 Ne5 51. Kc5 Nd3+ 0-1

[Event "URU Department-chT"]
[Site "Punta del Este"]
[Date "2018.08.25"]
[Round "2.44"]
[White "Magaldi, Nelson"]
[Black "Ponce, Leonardo"]
[Result "0-1"]
[WhiteElo "1928"]
[BlackElo "1677"]
[PlyCount "72"]
[EventDate "2018.08.24"]
[EventType "team-swiss"]
[EventRounds "5"]
[EventCountry "URU"]
[SourceTitle "EXT 2019"]
[Source "ChessBase"]
[SourceDate "2018.10.10"]
[SourceVersion "1"]
[SourceVersionDate "2018.10.10"]
[SourceQuality "1"]
[WhiteTeam "Canelones"]
[BlackTeam "Canelones Las Piedras"]
[WhiteTeamCountry "URU"]
[BlackTeamCountry "URU"]

1. e4 e6 2. d4 d5 3. e5 c5 4. c3 Nc6 5. Nf3 Qb6 6. a3 c4 7. Qc2 Nge7 8. g3 Bd7 9. Be3 h6 10. Bg2 Nf5 11. 0-0 Be7 12. Re1 g5 13. h3 0-0-0 14. Nbd2 Na5 15. Bf1 Rdg8 16. Nh2 h5 17. Reb1 g4 18. h4 Qd8 19. Be2 Bxh4 20. Nhf1 Be7 21. a4 h4 22. b3 hxg3 23. fxg3 Rh3 24. Bf4 Qf8 25. bxc4 dxc4 26. Nxc4 Nxc4 27. Bxc4 Bc6 28. d5 Bc5+ 29. Kg2 Bd7 30. Qe4 Ne7 31. Ba6 bxa6 32. Qc4 Nxd5 33. Qxa6+ Kd8 34. Rb8+ Ke7 35. Rxf8 Nc7 36. Qc4 Bc6+ 0-1

[Event "URU-chT Departamental"]
[Site "Punta del Este"]
[Date "2014.11.09"]
[Round "4.21"]
[White "Magaldi, Nelson"]
[Black "Izquierdo, Daniel"]
[Result "0-1"]
[WhiteElo "2053"]
[BlackElo "2212"]
[PlyCount "126"]
[EventDate "2014.11.07"]
[EventType "team-swiss"]
[EventRounds "5"]
[EventCountry "URU"]
[SourceTitle "EXT 2017"]
[Source "ChessBase"]
[SourceDate "2016.10.25"]
[SourceVersion "1"]
[SourceVersionDate "2016.10.25"]
[SourceQuality "1"]

1. e4 c5 2. Nf3 e6 3. d4 cxd4 4. Nxd4 a6 5. Be2 Nf6 6. Nd2 Qc7 7. c3 Bc5 8. 0-0 Nc6 9. Nxc6 bxc6 10. Bf3 0-0 11. Nb3 Be7 12. Re1 e5 13. Bg5 d6 14. Qe2 Be6 15. Nd2 a5 16. b3 h6 17. Bxf6 Bxf6 18. g3 Rfd8 19. Bg4 Bxg4 20. Qxg4 d5 21. h4 Qd7 22. Qxd7 Rxd7 23. Rab1 h5 24. Kg2 Rb8 25. Red1 Rbd8 26. Re1 g6 27. f3 d4 28. cxd4 Rxd4 29. Nc4 a4 30. Re3 Rb8 31. Rc3 Rb5 32. Na3 Rd2+ 33. Kh3 Rb4 34. Rxc6 Kg7 35. Nc2 Rb7 36. Rc3 Bd8 37. b4 Bb6 38. Rf1 Rbd7 39. Rc6 Re2 40. Rxb6 Rdd2 41. Rh1 Rxc2 42. Rb5 Rf2 43. Rxe5 Rxf3 44. Rh2 Rc1 45. Re2 Rcc3 46. Rg2 a3 47. b5 Rf1 48. Re7 Kf6 49. Re8 Rh1+ 50. Rh2 Rxh2+ 51. Kxh2 Rc2+ 52. Kh3 Rxa2 53. Ra8 Ke5 54. Ra4 Kd6 55. Ra7 Kc5 56. Ra8 Kxb5 57. Ra7 Kb4 58. Rxf7 Re2 59. Rb7+ Kc3 60. Rc7+ Kb2 61. Rb7+ Kc1 62. Ra7 a2 63. e5 Kb1 0-1

[Event "URU pre olympic"]
[Site "Punta del Este"]
[Date "2014.06.21"]
[Round "3"]
[White "Rodriguez Lazo, Luis A"]
[Black "Magaldi, Nelson"]
[Result "1-0"]
[WhiteElo "1848"]
[BlackElo "2075"]
[PlyCount "67"]
[EventDate "2014.06.20"]
[EventType "swiss"]
[EventRounds "5"]
[EventCountry "URU"]
[SourceTitle "EXT 2018"]
[Source "ChessBase"]
[SourceDate "2017.10.13"]
[SourceVersion "1"]
[SourceVersionDate "2017.10.13"]
[SourceQuality "1"]

1. d4 Nf6 2. c4 e6 3. Nc3 Bb4 4. e3 b6 5. Nge2 Bb7 6. a3 Be7 7. f3 d5 8. cxd5 exd5 9. Ng3 0-0 10. Bd3 c5 11. 0-0 cxd4 12. exd4 Nc6 13. Nf5 Bc8 14. Nxe7+ Qxe7 15. Bg5 Be6 16. Bb5 Rac8 17. Re1 Qd8 18. Rc1 Nb8 19. Qb3 h6 20. Bh4 a6 21. Bd3 b5 22. a4 bxa4 23. Nxa4 Rc6 24. Nc5 Qc8 25. Bxf6 gxf6 26. Bb1 Rd8 27. Qe3 Kg7 28. f4 Rdd6 29. Qg3+ Kf8 30. Qh4 Kg7 31. Re3 Qh8 32. Qg3+ Kf8 33. f5 Bc8 34. Rce1 1-0

[Event "URU-chTA"]
[Site "Punta del Este"]
[Date "2013.08.17"]
[Round "3.32"]
[White "Granara Barreto, Sebastian A"]
[Black "Magaldi, Nelson"]
[Result "1-0"]
[WhiteElo "2123"]
[BlackElo "2076"]
[PlyCount "43"]
[EventDate "2013.08.16"]
[EventType "team-swiss"]
[EventRounds "5"]
[EventCountry "URU"]
[SourceTitle "EXT 2018"]
[Source "ChessBase"]
[SourceDate "2017.10.13"]
[SourceVersion "1"]
[SourceVersionDate "2017.10.13"]
[SourceQuality "1"]

1. c4 g6 2. g3 Bg7 3. Bg2 d6 4. Nc3 c5 5. e3 Nc6 6. Nge2 Nf6 7. 0-0 0-0 8. d4 cxd4 9. exd4 Bd7 10. h3 Qc8 11. Kh2 Nd8 12. b3 Bc6 13. d5 Bd7 14. Be3 b6 15. Qd2 Re8 16. Rac1 Rb8 17. Nd4 Nb7 18. Ncb5 Ra8 19. Nc6 Bxc6 20. dxc6 Na5 21. Nd4 Qa6 22. Qe2 1-0

[Event "Montevideo Peon Negro op"]
[Site "Montevideo"]
[Date "2005.??.??"]
[Round "4"]
[White "Barboza, Mauro"]
[Black "Magaldi, Nelson"]
[Result "1-0"]
[WhiteElo "2153"]
[BlackElo "2160"]
[PlyCount "37"]
[EventDate "2005.??.??"]
[EventType "swiss"]
[EventRounds "7"]
[EventCountry "URU"]
[SourceTitle "EXT 2007"]
[Source "ChessBase"]
[SourceDate "2006.11.23"]
[SourceVersion "1"]
[SourceVersionDate "2006.11.23"]
[SourceQuality "1"]

1. e4 c5 2. Nf3 d6 3. d4 cxd4 4. Nxd4 Nf6 5. Nc3 a6 6. Bg5 e6 7. Qd2 Be7 8. 0-0-0 Nbd7 9. Bc4 Ne5 10. Bb3 Qc7 11. f4 Nc4 12. Bxc4 Qxc4 13. e5 Nd5 14. Nxd5 Qxd5 15. Bxe7 Kxe7 16. Qb4 Ke8 17. Nf5 Qxd1+ 18. Rxd1 exf5 19. exd6 1-0

[Event "Montevideo Peon Negro op"]
[Site "Montevideo"]
[Date "2005.??.??"]
[Round "5"]
[White "Magaldi, Nelson"]
[Black "Muniz, Rafael"]
[Result "0-1"]
[WhiteElo "2160"]
[BlackElo "2200"]
[PlyCount "62"]
[EventDate "2005.??.??"]
[EventType "swiss"]
[EventRounds "7"]
[EventCountry "URU"]
[SourceTitle "EXT 2007"]
[Source "ChessBase"]
[SourceDate "2006.11.23"]
[SourceVersion "1"]
[SourceVersionDate "2006.11.23"]
[SourceQuality "1"]

1. e4 e6 2. d4 d5 3. Nd2 Nf6 4. e5 Nfd7 5. Bd3 c5 6. c3 Nc6 7. Ndf3 cxd4 8. cxd4 Qb6 9. Ne2 f6 10. exf6 Nxf6 11. 0-0 Bd6 12. Re1 0-0 13. Bf4 Bxf4 14. Nxf4 Ne4 15. Nh5 e5 16. Rxe4 dxe4 17. Bc4+ Kh8 18. Ng5 Nd8 19. dxe5 Qxf2+ 20. Kh1 Qxb2 21. Nxh7 Bg4 22. Nxf8 Bxd1 23. Rxd1 Nc6 24. Ng6+ Kh7 25. Nhf4 Nxe5 26. Nxe5 Qxe5 27. g3 Rc8 28. Be6 Rc2 29. Bb3 Qb2 30. Bxc2 Qxc2 31. Rd5 e3 0-1

[Event "URU-ch"]
[Site "Montevideo"]
[Date "2004.05.23"]
[Round "11"]
[White "Magaldi, Nelson"]
[Black "Izquierdo, Daniel"]
[Result "0-1"]
[WhiteElo "2185"]
[BlackElo "2307"]
[PlyCount "66"]
[EventDate "2004.05.15"]
[EventType "swiss"]
[EventRounds "11"]
[EventCountry "URU"]
[SourceTitle "CBM 100 Extra"]
[Source "ChessBase"]
[SourceDate "2004.07.06"]
[SourceVersion "2"]
[SourceVersionDate "2004.07.06"]
[SourceQuality "1"]

1. e4 c5 2. Nc3 e6 3. Nf3 Nc6 4. d4 cxd4 5. Nxd4 a6 6. Nxc6 bxc6 7. Be2 d5 8. exd5 cxd5 9. 0-0 Nf6 10. Bf3 Be7 11. Bf4 0-0 12. Ne2 Bb7 13. b3 Qb6 14. Be5 Rac8 15. c3 Nd7 16. Bg3 Bf6 17. Rc1 Ne5 18. Bxe5 Bxe5 19. Qd2 g6 20. Rfd1 Rfd8 21. Qe3 Qxe3 22. fxe3 Bd6 23. g3 Rc7 24. Kf2 Rdc8 25. Ke1 Bc5 26. Kd2 Rd8 27. Ng1 e5 28. b4 Be7 29. Ke2 e4 30. Bg2 Rdc8 31. Kd2 d4 32. Bh3 f5 33. a3 Bg5 0-1

[Event "URU-ch"]
[Site "Montevideo"]
[Date "2004.05.21"]
[Round "9"]
[White "Magaldi, Nelson"]
[Black "Guerrero, Alvaro"]
[Result "1-0"]
[WhiteElo "2185"]
[BlackElo "2120"]
[PlyCount "90"]
[EventDate "2004.05.15"]
[EventType "swiss"]
[EventRounds "11"]
[EventCountry "URU"]
[SourceTitle "CBM 100 Extra"]
[Source "ChessBase"]
[SourceDate "2004.07.06"]
[SourceVersion "2"]
[SourceVersionDate "2004.07.06"]
[SourceQuality "1"]

1. e4 c5 2. Nf3 Nc6 3. Nc3 Nf6 4. g3 g6 5. Bg2 Bg7 6. 0-0 0-0 7. d3 Rb8 8. a4 a6 9. Be3 d6 10. h3 e5 11. Qd2 Nd4 12. Kh2 b5 13. axb5 axb5 14. Bxd4 cxd4 15. Ne2 b4 16. b3 Qb6 17. Nh4 Bd7 18. Ra2 Ra8 19. Rfa1 Bc6 20. Rxa8 Bxa8 21. f3 Bc6 22. Ra2 Ne8 23. Ra1 Nc7 24. Bf1 Qc5 25. Ng2 f5 26. Ng1 Ne6 27. Ne1 Bf6 28. h4 f4 29. Ne2 g5 30. Bh3 Ng7 31. hxg5 Bxg5 32. Kg2 Kh8 33. gxf4 exf4 34. Kf1 Bh6 35. Bg4 Nh5 36. Ra6 Nf6 37. Bf5 Bd7 38. Bxd7 Nxd7 39. Ng2 Qh5 40. Ng1 Ne5 41. Qf2 Bg7 42. Qh4 Qf7 43. Qe1 Rc8 44. Ra2 Qh5 45. Qh4 Qf7 1-0

[Event "URU-ch"]
[Site "Montevideo"]
[Date "2004.05.19"]
[Round "7"]
[White "Arias Bouzada, Jorge"]
[Black "Magaldi, Nelson"]
[Result "1/2-1/2"]
[WhiteElo "2100"]
[BlackElo "2185"]
[PlyCount "96"]
[EventDate "2004.05.15"]
[EventType "swiss"]
[EventRounds "11"]
[EventCountry "URU"]
[SourceTitle "CBM 100 Extra"]
[Source "ChessBase"]
[SourceDate "2004.07.06"]
[SourceVersion "2"]
[SourceVersionDate "2004.07.06"]
[SourceQuality "1"]

1. g3 f5 2. c4 Nf6 3. Bg2 e6 4. Nc3 Be7 5. d4 0-0 6. Nf3 d5 7. 0-0 c6 8. Bf4 Nbd7 9. Ng5 Nb8 10. Bxb8 Rxb8 11. Qa4 Ra8 12. Nf3 Bd6 13. b4 Ne4 14. Rac1 Bd7 15. Qb3 Kh8 16. c5 Bc7 17. a4 a6 18. Nxe4 fxe4 19. Ne5 Be8 20. f4 Qe7 21. e3 Bh5 22. Rf2 Be8 23. Rb2 g5 24. Qd1 gxf4 25. exf4 Qg7 26. Qd2 Bd8 27. Qe3 Bf6 28. Bh3 Qh6 29. Bf1 Qg7 30. Be2 Bd7 31. Kf1 Rfd8 32. Ra2 Be8 33. Rca1 Qc7 34. Rb2 Qg7 35. Rab1 Ra7 36. b5 Bxe5 37. fxe5 axb5 38. axb5 Rda8 39. bxc6 Bxc6 40. Bb5 Ra1 41. Bxc6 Rxb1+ 42. Rxb1 bxc6 43. Rb6 Ra1+ 44. Kg2 Qg4 45. Rb2 Qg6 46. Rf2 Ra8 47. h3 Qg7 48. Qf4 Kg8 1/2-1/2

[Event "URU-ch"]
[Site "Montevideo"]
[Date "2004.05.17"]
[Round "5"]
[White "Gonzalez, Nahuel"]
[Black "Magaldi, Nelson"]
[Result "0-1"]
[WhiteElo "2055"]
[BlackElo "2185"]
[PlyCount "38"]
[EventDate "2004.05.15"]
[EventType "swiss"]
[EventRounds "11"]
[EventCountry "URU"]
[SourceTitle "CBM 100 Extra"]
[Source "ChessBase"]
[SourceDate "2004.07.06"]
[SourceVersion "2"]
[SourceVersionDate "2004.07.06"]
[SourceQuality "1"]

1. c4 Nf6 2. Nf3 g6 3. d4 Bg7 4. Nc3 d5 5. e3 0-0 6. Bd3 c5 7. 0-0 cxd4 8. exd4 Nc6 9. cxd5 Nb4 10. Bc4 Nbxd5 11. Ne5 Be6 12. Qe2 Re8 13. Nxd5 Nxd5 14. Bb3 Qb6 15. Rd1 Red8 16. Bxd5 Bxd5 17. Be3 Qe6 18. Re1 Bxa2 19. b4 Bd5 0-1

[Event "URU-ch sf-B"]
[Site "Montevideo"]
[Date "2003.04.27"]
[Round "4"]
[White "Carvalho, Guillermo"]
[Black "Magaldi, Nelson"]
[Result "1/2-1/2"]
[WhiteElo "2371"]
[BlackElo "2213"]
[PlyCount "25"]
[EventDate "2003.04.25"]
[EventType "tourn"]
[EventRounds "5"]
[EventCountry "URU"]
[SourceTitle "EXT 2004"]
[Source "ChessBase"]
[SourceDate "2003.11.25"]
[SourceVersion "1"]
[SourceVersionDate "2003.11.25"]
[SourceQuality "1"]

1. d4 Nf6 2. Nf3 e6 3. g3 b6 4. Bg2 Bb7 5. 0-0 d5 6. c4 Nbd7 7. Qc2 Be7 8. b3 0-0 9. Bb2 Ne4 10. Nc3 f5 11. Nd2 Bf6 12. e3 c6 13. Ncxe4 1/2-1/2

[Event "URU-ch sf-B"]
[Site "Montevideo"]
[Date "2003.04.27"]
[Round "5"]
[White "Magaldi, Nelson"]
[Black "Ibanez Iglesias, Marcelo"]
[Result "1-0"]
[WhiteElo "2213"]
[BlackElo "2068"]
[PlyCount "57"]
[EventDate "2003.04.25"]
[EventType "tourn"]
[EventRounds "5"]
[EventCountry "URU"]
[SourceTitle "EXT 2004"]
[Source "ChessBase"]
[SourceDate "2003.11.25"]
[SourceVersion "1"]
[SourceVersionDate "2003.11.25"]
[SourceQuality "1"]

1. e4 e5 2. Nf3 Nc6 3. Bb5 a6 4. Ba4 b5 5. Bb3 Nf6 6. 0-0 Nxe4 7. d4 exd4 8. Re1 d5 9. Nc3 dxc3 10. Bxd5 Bb7 11. Bg5 f6 12. Rxe4+ Be7 13. Bxf6 gxf6 14. Ng5 Qxd5 15. Qxd5 fxg5 16. Rae1 Rd8 17. Qxg5 Rd7 18. Qg7 Rf8 19. bxc3 Rf7 20. Qg8+ Rf8 21. Qxh7 Kd8 22. Qg7 Re8 23. h4 Kc8 24. Qg4 Kd8 25. h5 Bc8 26. Qg7 Rd5 27. h6 Rh5 28. Qg6 Rf5 29. Qxc6 1-0

[Event "La Estacada CC prel"]
[Site "Montevideo"]
[Date "2002.03.13"]
[Round "5"]
[White "Magaldi, Nelson"]
[Black "Riverol, Jose"]
[Result "0-1"]
[WhiteElo "2205"]
[BlackElo "2392"]
[PlyCount "106"]
[EventDate "2002.03.04"]
[EventType "swiss"]
[EventRounds "9"]
[EventCountry "URU"]
[SourceTitle "CBM 087 Extra"]
[Source "ChessBase"]
[SourceDate "2002.05.03"]
[SourceVersion "2"]
[SourceVersionDate "2002.08.09"]
[SourceQuality "1"]

1. f4 Nf6 2. Nf3 g6 3. e3 Bg7 4. d4 0-0 5. Bd3 d6 6. 0-0 Nc6 7. c3 e5 8. Bc2 e4 9. Nfd2 d5 10. Qe1 b6 11. Bd1 Ne7 12. Na3 c5 13. Nc2 Ba6 14. Rf2 Bd3 15. Nf1 h5 16. g3 Qd7 17. Rg2 Qh3 18. Bd2 Nf5 19. Rc1 Rfc8 20. Na3 Bf8 21. Be2 c4 22. Qd1 a6 23. Be1 b5 24. Nb1 a5 25. Nbd2 b4 26. Bxd3 cxd3 27. c4 dxc4 28. Nxc4 Nd5 29. Bd2 a4 30. Rf2 Qg4 31. Qxg4 hxg4 32. Kg2 b3 33. axb3 axb3 34. h3 gxh3+ 35. Kxh3 Ra4 36. Ne5 Rc2 37. g4 Nd6 38. Rb1 Ra2 39. Be1 f6 40. Nd7 Rxf2 41. Bxf2 Nc4 42. f5 Rxb2 43. Rxb2 Nxb2 44. Nd2 Nd1 45. Nxb3 Nxf2+ 46. Kg3 Nd1 47. Nxf8 Kxf8 48. Nd2 gxf5 49. gxf5 N1c3 50. Kf2 Kg7 51. Nc4 Nd1+ 52. Ke1 N1xe3 53. Nd6 Nc3 0-1

[Event "Punta del Este it 3rd"]
[Site "Punta del Este"]
[Date "2000.09.??"]
[Round "8"]
[White "Belistri, Ubaldo"]
[Black "Magaldi, Nelson"]
[Result "1/2-1/2"]
[WhiteElo "2060"]
[BlackElo "2235"]
[PlyCount "32"]
[EventDate "2000.09.24"]
[EventType "swiss"]
[EventRounds "9"]
[EventCountry "URU"]
[SourceTitle "EXT 2024"]
[Source "ChessBase"]
[SourceDate "2023.10.10"]
[SourceVersion "1"]
[SourceVersionDate "2023.10.10"]
[SourceQuality "1"]

1. d4 Nf6 2. c4 g6 3. Nc3 d5 4. cxd5 Nxd5 5. e4 Nxc3 6. bxc3 Bg7 7. Bc4 c5 8. Ne2 Nc6 9. Be3 0-0 10. 0-0 cxd4 11. cxd4 Bg4 12. f3 Na5 13. Bd3 Be6 14. d5 Bxa1 15. Qxa1 f6 16. Nf4 Bf7 1/2-1/2

[Event "Punta del Este it 3rd"]
[Site "Punta del Este"]
[Date "2000.09.??"]
[Round "7"]
[White "Izquierdo, Daniel"]
[Black "Magaldi, Nelson"]
[Result "1-0"]
[WhiteElo "2265"]
[BlackElo "2235"]
[PlyCount "92"]
[EventDate "2000.09.24"]
[EventType "swiss"]
[EventRounds "9"]
[EventCountry "URU"]
[SourceTitle "EXT 2024"]
[Source "ChessBase"]
[SourceDate "2023.10.10"]
[SourceVersion "1"]
[SourceVersionDate "2023.10.10"]
[SourceQuality "1"]

1. Nf3 Nf6 2. g3 c5 3. Bg2 g6 4. 0-0 Bg7 5. d3 0-0 6. e4 Nc6 7. c4 d6 8. h3 Rb8 9. Nc3 Bd7 10. Be3 Qc8 11. Kh2 a6 12. Qd2 Re8 13. Nh4 b5 14. f4 bxc4 15. dxc4 Rb4 16. b3 Rd8 17. Rae1 Rb8 18. Re2 a5 19. Nf3 Be8 20. Rd1 Qa6 21. g4 Nd7 22. g5 Nb6 23. Nd5 a4 24. Qe1 axb3 25. axb3 Nxd5 26. exd5 Nb4 27. Bc1 Na2 28. Bb2 Bxb2 29. Rxb2 Qa3 30. Rdd2 Nb4 31. Qxe7 Nd3 32. Ra2 Qxb3 33. Qe4 Nb4 34. Ra7 Qc3 35. h4 Bd7 36. Qe7 Be8 37. Qe4 Bd7 38. Qe7 Be8 39. Qf6 Qxf6 40. gxf6 Ra8 41. Re7 Ra2 42. Bh3 Ba4 43. Rxa2 Nxa2 44. Ng5 Be8 45. Be6 fxe6 46. Rg7+ Kh8 1-0

[Event "Punta del Este it 3rd"]
[Site "Punta del Este"]
[Date "2000.09.??"]
[Round "2"]
[White "Magaldi, Nelson"]
[Black "Sunye Neto, Jaime"]
[Result "0-1"]
[WhiteElo "2235"]
[BlackElo "2555"]
[PlyCount "77"]
[EventDate "2000.09.24"]
[EventType "swiss"]
[EventRounds "9"]
[EventCountry "URU"]
[SourceTitle "EXT 2024"]
[Source "ChessBase"]
[SourceDate "2023.10.10"]
[SourceVersion "1"]
[SourceVersionDate "2023.10.10"]
[SourceQuality "1"]

1. e4 c5 2. Nf3 d6 3. d4 cxd4 4. Nxd4 Nf6 5. Nc3 a6 6. Be2 e5 7. Nf3 h6 8. a4 Be6 9. 0-0 Nbd7 10. Re1 Rc8 11. Bf1 Be7 12. h3 0-0 13. g3 Re8 14. Bg2 Bf8 15. Nh2 Qc7 16. Nf1 Qb8 17. Ne3 b5 18. axb5 axb5 19. Ncd5 Qb7 20. b3 Bxd5 21. exd5 g6 22. Bd2 e4 23. c4 bxc4 24. bxc4 Nc5 25. Bc3 Bg7 26. Qe2 Qe7 27. Reb1 Nfd7 28. Bxg7 Kxg7 29. Ra7 Rb8 30. Rxb8 Rxb8 31. Qd2 h5 32. Qd4+ Qe5 33. Qxe5+ Nxe5 34. Ra2 Rb1+ 35. Bf1 Ncd3 36. Kg2 Ne1+ 37. Kg1 h4 38. g4 Kh6 39. Ra6 0-1